LEADER 01110nam a2200265 u 4500 001 000000041140 003 CaOOAMICUS 005 20070226114200.0 008 981020s1978 it u000 u ita u 035 $a10805986 040 $aBAV$bita 100 1 $aOttonello, Pier Paolo,$d1941-$0(OLS)http://pul/name/5698 245 12$aL'attualitą di Rosmini e altri saggi /$cPier Paolo Ottonello. 260 $a[Genova] :$bStudio editoriale di cultura,$cc1978. 300 $a122 p. ;$c24 cm 490 1 $aFilosofia oggi ;$v5 504 $aComprende indicazioni bibliografiche. 600 14$aRosmini Serbati, Antonio,$cb.,$d1797-1855.$0(OLS)http://pul/subject/28 830 0$aFilosofia oggi ;$v5.$0(OLS)http://pul/title/16049 850 $aPUL 852 $aPUL$W1$xDP1 Fondo Giannini$y60$m1560 B 1$j55776$nBK-PRI$b $qFondi$B55776$CPULBib$Z2$F55776 $H $81 941 1 $a1 961 $aINV: Fondo G. Giannini 996 $6245$aL'attualitą di Rosmini e altri saggi$9(OLS)http://pul/title/55520 996 $6260$a[Genova] :$bStudio editoriale di cultura$9(OLS)http://pul/publisher/64492 LEADER 02041nam a2200361 a 4500 001 000000175288 003 CaOOAMICUS 005 20240215152000.0 008 220613s2019 it u000 u ita r 020 $a978-88-382-4865-8* 032 $aLibriCat 040 $aPUL$bita 082 14$a327.45 245 00$aSanta Sede e Stato della Cittą del Vaticano nel nuovo contesto internazionale (1929-2019) : $batti del Convegno, Roma, Universitą LUMSA, 7 febbraio 2019 /$cMatteo Carnģ (ed.) 260 $aRoma :$bEdizioni Studium,$c©2019. 300 $a198 p. ;$c23 cm 490 1 $aLUMSA Universitą. Scuola di Alta Formazione in diritto canonico ecclesiastico e vaticano ;$v04 490 1 $aCultura ;$v182 504 $aBibliografia in nota a pič pagina. 610 14$aSanta Sede$xRelazioni internazionali.$0(OLS)http://pul/subject/34439 700 1 $aCarnģ, Matteo.$0(OLS)http://pul/name/89784 830 0$aScuola di Alta Formazione in diritto canonico ecclesiastico e vaticano ;$v04.$0(OLS)http://pul/title/197910 830 0$aCultura (Studium) ;$v182.$0(OLS)http://pul/title/192291 850 $aPUL 852 $aPUL$W1$xSL Diritto e Scienze Sociali 3$y79$m327. 45 CARMA 1$j199493$qDDC 21$B204211$CPULBib$Z2$F204211 $H135638 $82 852 $aPUL$W1$xDP2 Diritto e Scienze Sociali 3$y110$m327. 45 CARMA 1B$j200650$qDDC 21$B205603$CPULBib$Z2$F205603 $H136838 $82 941 1 $a9 983 0$aCollana di scienze giuridiche e sociali.$pScuola di Alta Formazione in Diritto Canonico, Ecclesiastico e Vaticano. LUMSA Universitą. 996 $6020$a978-88-382-4865-8*$9(OLS)http://pul/number/168692 996 $6082$a327.45$9(OLS)http://pul/classification/704 996 $6245$aSanta Sede e Stato della Cittą del Vaticano nel nuovo contesto internazionale (1929-2019) : $batti del Convegno, Roma, Universitą LUMSA, 7 febbraio 2019$9(OLS)http://pul/title/216708 996 $6260$aRoma :$bEdizioni Studium$9(OLS)http://pul/publisher/49092